000 00698nam a22002657a 4500
001 BR7316188
003 BR-BrBNA
005 20230928084324.0
007 ta
008 230509b bl.||||| |||| 00| 0 por d
040 _aBR-BrBNA
_bpor
_cBiblioteca Nacional de Agricultura
041 _a(Por)
072 _aS10; S30
_b9600
090 _ 9600 BR7316188
100 1 _aGranato, L.
245 1 _aOs ovos de gallinha e seu valor na hygiene alimentar
260 3 _aSao Paulo, SP (Brasil):
_c[nd].
300 _a31 p.
500 _aPublished after 1930?
650 _aOVO
650 _aCOMPOSICAO QUIMICA
650 _aVALOR NUTRITIVO
909 _a202309
_bLucia
_c55
_dLucia Elande
942 _cBK
999 _c18160
_d18160